header

Overland flow and surface runoff (Record no. 166194)

MARC details
000 -LEADER
fixed length control field 01528nam a2200385Ia 4500
082 04 - DEWEY DECIMAL CLASSIFICATION NUMBER
Classification number 551.48/8015118
245 00 - TITLE STATEMENT
Title Overland flow and surface runoff
260 ## - PUBLICATION, DISTRIBUTION, ETC. (IMPRINT)
Place of publication New York :
Name of publisher Nova Science Publishers,
Year of publication c2012.
300 ## - PHYSICAL DESCRIPTION
Number of Pages xii, 346 p. :
Other physical details ill.
490 1# - SERIES STATEMENT
Series statement Hydrological science and engineering
650 #0 - SUBJECT ADDED ENTRY--TOPICAL TERM
Topical Term Frictional resistance (Hydrodynamics)
Topical Term Nitrifying bacteria.
Topical Term Runoff
Topical Term Streamflow
Topical Term Water
700 1# - ADDED ENTRY--PERSONAL NAME
Personal name Wong, Tommy S. W.
856 40 - ELECTRONIC LOCATION AND ACCESS
Uniform Resource Identifier http://site.ebrary.com/lib/rucke/Doc?id=10659000

No items available.

© 2026 Rongo University
Contact us: librarian | system librarian | Rongo university